000 00309nam a22001457a 4500
008 230324b ||||| |||| 00| 0 eng d
020 _a1877903008
041 _aeng
080 _a61
082 _a61KEM
100 _a7
101 _aMJEKSI
245 _aHEALTHWISE HANDBOOK
_cKEMPER.W,D
942 _2udc
_cBK
999 _c59444
_d59444